| 000 | 01044nam a22002417a 4500 | ||
|---|---|---|---|
| 005 | 20110429165957.0 | ||
| 008 | 110429t xxu||||| |||| 00| 0 mar d | ||
| 010 | _aMAR-20789 | ||
| 020 |
_c130.00 _a9788174344618 |
||
| 035 | _aMR-13447 | ||
| 037 | _bDBAD / PUB | ||
| 040 |
_aDPL _bMR |
||
| 082 | _a572.8092 | ||
| 100 |
_aगवाणकर,वीणा _927525 |
||
| 245 |
_aरोझलिंड फ्रँकलीन: _cवीणा गवाणकर _bद डार्क लेडी ऑफ डी एन ए / |
||
| 246 |
_aRosalind Frankleen _bby The Dark Lady of D N A |
||
| 260 |
_aपुणे _bराजहंस प्रकाशन _c2009 |
||
| 270 |
_a1025,सदाशिव पेठ _bपुणे |
||
| 300 |
_a144पृ _c21 सेमी (अजिल्द) |
||
| 700 | _927590 | ||
| 942 |
_2ddc _cMR _mगवाण _h572.8092 |
||
| 999 |
_c52101 _d52101 |
||